| 000 | 00496nam a2200145 a 4500 | ||
|---|---|---|---|
| 008 | 120416s1993 ||||||||||||||||| || u | ||
| 020 | _a0821324241 | ||
| 050 | _aIBRD(08)UMP/11 | ||
| 100 | _aDavey, Kenneth | ||
| 245 | 1 | 0 | _aElements of urban management |
| 260 |
_aWashington, D. C. _bWorld Bank _c1993 |
||
| 300 | _avi, 55p. : ill. | ||
| 350 | _a0.00 | ||
| 995 |
_D0.00 _FCBU-MAIN LIBRARY (Kitwe) _H1 _I0.00 _UAVAILABLE _ZInternational Publications |
||
| 999 |
_c41691 _d41691 |
||